| 000 | 01763nam0a2200421 4500 | ||
|---|---|---|---|
| 001 | RU\NLR\bibl\512321 | ||
| 005 | 20260405093626.0 | ||
| 010 |
_a5-9219-0320-5 _97000 |
||
| 021 |
_aRU _b2003-66987 _93302 |
||
| 035 | _aRSL-KNO-002385680 | ||
| 035 | _a(NLR Aleph) 000504807 | ||
| 090 |
_a1196152 _c1196152 |
||
| 100 | _a20031201d2004 |||y0rusy50 ca | ||
| 101 | 0 | _arus | |
| 102 | _aRU | ||
| 105 | _aa ||||||||| | ||
| 106 | _ar | ||
| 200 | 1 |
_aВнутришкольный контроль по физике и астрономии _e10-11 кл. _e[Для преподавателей физики и астрономии в сред. шк.] _fМ. Ю. Демидова, Н. И. Павленко |
|
| 210 |
_aМ. _cШк. пресса _d2004 |
||
| 215 |
_a94, [2] с. _cил. _d20 |
||
| 225 | 1 |
_aБиблиотека журнала "Физика в школе" _vвып. 33, I полугодие 2004 г. |
|
| 225 | 1 | _aФизика | |
| 606 | 0 |
_aФизика _xЗнания _xОценка _xСредняя школа _92314049 _3RU\NLR\auth\661384765 |
|
| 606 | 0 |
_aАстрономия _xЗнания _xОценка _xСредняя школа _92332612 _3RU\NLR\auth\661394783 |
|
| 686 |
_aЧ426.51,6(2)-410,0 _2rubbk |
||
| 686 |
_aЧ426.55,6(2)-410,0 _2rubbk |
||
| 686 | _aЧ426.51-28 | ||
| 686 | _aЧ426.55-28 | ||
| 700 | 1 |
_aДемидова _bМ. Ю. _gМарина Юрьевна _4070 |
|
| 701 | 1 |
_4070 _8rus _7ca _aПавленко _bН. И. _cпедагог-методист _gНаталья Ивановна _3RU\NLR\AUTH\7734525 _917528 |
|
| 801 | 0 |
_aRU _bRuMoRKP _c20031201 _gPSBO |
|
| 801 | 1 |
_aRU _bRuMoRKP _c20031201 |
|
| 801 | 2 |
_aRU _bNLR _c20040416 _gPSBO |
|
| 830 | _aАвт. по кн. | ||
| 942 | _cBOOK | ||
| 980 | _aNB | ||